Word Ladder: Carnivorous Entrées Quiz Stats

 Plays Quiz Updated Jul 28, 2017

Support Sporcle.
Go Orange.
Score 0/50 Timer 05:00
1 Play Today
Clue 4-Letter Rung % Correct
Post-bath garmentROBE
95%
Genie's dwellingLAMP
91.5%
Oz's cowardLION
90%
Highway exitRAMP
89.7%
Submerge a doughnut in milkDUNK
89.6%
✯ Spare barbecue fare ✯RIBS
87.8%
Granny Smith's centerCORE
87.8%
Lowe and Schneider, e.g.ROBS
87.4%
Los Angeles sports teamRAMS
87.4%
✯ Pulled or breaded chop ✯PORK
86.7%
✯ Staple in gyros and moussaka ✯LAMB
86.5%
Study all nightCRAM
86.1%
✯ New England chowder morsel ✯CLAM
85.8%
USB plug-in sitePORT
83.8%
Business abbr.CORP
83.6%
Custom auto accessoriesRIMS
83.5%
Hen penCOOP
83.2%
Sugar or cheese unitCUBE
82.7%
Saharan sand siteDUNE
82.4%
Desi Arnaz's homelandCUBA
82%
Big bass brassTUBA
81.9%
✯ Rangoon or cake crustacean ✯CRAB
81.7%
✯ Smoke, as ham ✯CURE
81.4%
Give a handCLAP
81.2%
Horse's hoofbeatCLOP
81.1%
Clue 4-Letter Rung % Correct
Bride's accessoryVEIL
80.7%
Adjust pitchTUNE
80.1%
Pirate's plunderLOOT
79.9%
Third Reich greetingHEIL
79.4%
Fence featurePOST
79.4%
✯ Sushi steak ✯TUNA
78.9%
Bird perchLIMB
78.7%
Aquatic birdLOON
78.5%
Command to a dogHEEL
78.4%
Like Indiana Jones' ArkLOST
78.2%
Coral ridgeREEF
76.9%
Film holderREEL
76.6%
Lacking colorDRAB
76%
Terrible totBRAT
75%
Ground cornMEAL
73.4%
✯ Expensive Japanese cuts of steak: [First Rung] _____BEEF
73.3%
✯ Osso buco base ✯VEAL
73.1%
✯ Expensive Japanese cuts of steak: _____ [Last Rung] ✯KOBE
72.9%
✯ General term for the other themed rungs ✯MEAT
71.6%
''Fiddlesticks!'' or ''Phooey!''DRAT
71.4%
What the Go-Go's ''got''BEAT
70.2%
Pit left by an acne scarPOCK
69.2%
Describe in words or drawingLIMN
68.9%
✯ Ingredient in confit, often ✯DUCK
67.3%
Shakespearean spritePUCK
63.7%

Today's Daily Dose

You're not logged in!

Compare scores with friends on all Sporcle quizzes.
OR
Log In
Forgot?

From the Vault

Europe Map by Languages

by gazzso

We're fairly sure this kind of travel doesn't make you able to speak the language, though.
Remove Ads.
Support Sporcle.
Get the best of Sporcle when you Go Orange. This ad-free experience offers more features, more stats, and more fun while also helping to support Sporcle. Thank you for becoming a member.

Show Comments

Extras

Top Quizzes Today


Score Distribution

Your Account Isn't Verified!

In order to create a playlist on Sporcle, you need to verify the email address you used during registration. Go to your Sporcle Settings to finish the process.

Report this User

Report this user for behavior that violates our Community Guidelines.

Details: